01152nam a22001217a 4500008004100000100002000041245007600061260004600137300003200183520069200215650007700907773004600984250801b ||||| |||| 00| 0 eng d aRai, Dhananjay  a Public state and public policy: A study of neoliberalism and precarity aIndian Journal of Public Administration  a71(2), Jun, 2025: p.232-248 aThis article underscores the idea of the public state for public policy in the context of neoliberalism and precarity. Since neoliberalism makes the public state-led public policy, not acceptable entities, it also accentuates scaled precarity. Against this backdrop, the article highlights the significance of the public state through its twin principles (people’s possibilities and policy possibilities) for public policy. Finally, the article highlights the direct impact of the neoliberal state on public policy while suggesting a slew of measures for the recovery of the public state and public policy.- Reproduced https://journals.sagepub.com/doi/full/10.1177/00195561251335558  aPublic sate, public policy, Precarity, Neoliberalism, Neoliberal state.  aIndian Journal of Public Administration